|
|
|
|
| LEADER |
00000nab a2200000 a 4500 |
| 001 |
vtls000216163 |
| 003 |
SK-MaSNL |
| 005 |
20260304071757.0 |
| 008 |
250423c1985 xo 0 slo |
| 015 |
|
|
|a SNBRB19rr/mm-uuuuu
|
| 035 |
|
|
|a CL0226277
|
| 035 |
|
|
|a urn:nbn:sk:snk-ab1csn
|
| 035 |
|
|
|a (urnnbn)urn:nbn:sk:snk:ar-0021yw
|
| 035 |
|
|
|a (uuid)0932d0db-17df-4551-a92b-27a0488ce27a
|
| 040 |
|
|
|a SNKBUCL
|b slo
|c SNKBUCL
|e AACR2
|
| 041 |
0 |
|
|a slo
|
| 044 |
|
|
|a xo
|c SK
|
| 080 |
|
|
|a 792.5
|2 1981
|
| 100 |
1 |
|
|a Unger, Pavel,
|d 1951-
|4 aut
|9 340556
|
| 245 |
1 |
0 |
|a Z rozprávkou do sveta
|c Pavel Unger
|
| 300 |
|
|
|b Obr. 1.
|
| 500 |
|
|
|a Dirigent Boris Velat, režisér Marián Chudovský, scéna Ján Hanák
|
| 600 |
1 |
7 |
|a Dvořák, Antonín,
|d 1841-1904
|t Čert a Káča
|2 snkbucl
|9 119766
|
| 610 |
2 |
7 |
|a Štátne divadlo Košice.
|b Opera
|2 snkbucl
|9 125500
|
| 650 |
0 |
7 |
|a opery
|2 snkbucl
|9 3214
|
| 655 |
|
7 |
|a recenzie
|2 snkbucl
|9 21907
|
| 655 |
|
7 |
|a články z novín a časopisov
|2 snkbucl
|9 267496
|
| 773 |
0 |
|
|t Film a divadlo
|g Roč. 29, č. 9 (1985), s. 13
|
| 850 |
|
|
|a Slovenská národná knižnica
|
| 852 |
|
|
|a Slovenská národná knižnica
|
| 954 |
|
|
|a odborná, vedecká literatúra pôvodná (slovenská)
|2 lita
|
| 958 |
|
|
|a article27
|
| 958 |
|
|
|a OND
|
| 958 |
|
|
|a EUIPO
|
| 992 |
|
|
|a RBX
|
| 999 |
|
|
|c 2761997
|d 2763927
|